| 000 | 00383nam a2200157 a 4500 | ||
|---|---|---|---|
| 001 | 2744 | ||
| 003 | CDMR | ||
| 005 | 20131031100817.0 | ||
| 008 | 130130s ||||||||||||||||||||||||||||d | ||
| 040 |
_aCDMR _bcat _cCDMR |
||
| 100 | 1 |
_aBruguera, Pilar _92065 |
|
| 245 | 1 | 0 |
_aMarginalidad social _cPilar Bruguera |
| 260 | _aBarcelona | ||
| 650 | 0 | 4 |
_94236 _aMarginació social |
| 942 |
_cTSN _2udc |
||
| 999 |
_c2744 _d2744 |
||